000
00254nam a2200109Ia 4500
008
260210s9999 xx 000 0 und d
020
_a
9788496969940
100
_a
Broto
245
0
_a
Ad: Smart Interior (Price Printed)
260
_b
Links
942
_c
BDES
999
_c
14081
_d
14081